[Event "SHE 'S THE BOSS VII"]
[Site "http://www.queenalice.com/game.php?id=1223640"]
[Date "2013.10.10"]
[Round "-"]
[White "rogeriooliveira"]
[Black "timoteo"]
[Result "0-1"]
[WhiteElo "1392"]
[BlackElo "1564"]

1. e4 e5 2. d4 Bb4+ 3. c3 Bd6 4. dxe5 Bxe5 5. Nf3 Bf6 6. Be3 d6 7. Bb5+ c6 8.
Be2 Bg4 9. h3 Bxf3 10. gxf3 Nd7 11. O-O Nh6 12. Nd2 Nc5 13. Bxc5 dxc5 14. Rc1
Qb6 15. b3 Rd8 16. Re1 a5 17. f4 Bh4 18. f3 Bxe1 19. Qxe1 c4+ 20. Qf2 Qxf2+ 21.
Kxf2 Rxd2 22. Ra1 cxb3 23. axb3 O-O 24. Rxa5 g6 25. Ra7 f5 26. exf5 Nxf5 27.
Rxb7 Re8 28. Ke1 Rexe2+ 29. Kf1 Ng3+ 30. Kg1 Rd1# 0-1

[Event "SHE 'S THE BOSS IX"]
[Site "http://www.queenalice.com/game.php?id=1223648"]
[Date "2013.10.10"]
[Round "-"]
[White "rogeriooliveira"]
[Black "timoteo"]
[Result "0-1"]
[WhiteElo "1391"]
[BlackElo "1568"]

1. e4 e5 2. d4 Qe7 3. dxe5 Qxe5 4. Qe2 Bb4+ 5. c3 Bc5 6. Be3 Bxe3 7. Qxe3 d6 8.
Nd2 Nf6 9. O-O-O Bg4 10. f3 Bh5 11. Nb3 Nc6 12. Bb5 Qxb5 13. Re1 O-O 14. Ne2
Rfe8 15. Rhf1 d5 16. Ned4 Nxd4 17. cxd4 dxe4 18. fxe4 Rxe4 19. Qxe4 Nxe4 20. Rf4
Nf6 21. g3 Re8 22. Ref1 g5 23. Rxf6 Be2 24. R1f2 Bc4 25. Rxf7 Bxb3 26. axb3 Qxb3
27. h4 Re1+ 28. Kd2 Qb4+ 29. Kd3 c5 30. dxc5 Qxc5 31. Rf8+ Qxf8 32. Rc2 Qf5+ 33.
Kc3 Re3+ 34. Kd2 Rxg3 35. Kd1 Qd3+ 36. Rd2 Qf1+ 37. Kc2 Qc4+ 38. Kd1 Rg1# 0-1

[Event "MANIFOLD III"]
[Site "http://www.queenalice.com/game.php?id=1226794"]
[Date "2013.10.24"]
[Round "-"]
[White "rogeriooliveira"]
[Black "timoteo"]
[Result "0-1"]
[WhiteElo "1347"]
[BlackElo "1552"]

1. e4 e5 2. d4 Bb4+ 3. c3 Ba5 4. b4 Bb6 5. dxe5 f6 6. exf6 Qxf6 7. Qe2 d6 8. Nf3
Bg4 9. Bg5 Bxf3 10. gxf3 Qxg5 11. Nd2 Qh4 12. O-O-O Bxf2 13. Nb3 Nf6 14. Rd2 Nc6
15. Qxf2 Qf4 16. Qe2 Ne5 17. Bg2 Nc4 18. Rd1 Nxd2 19. Qxd2 Qxh2 20. Bf1 Qxd2+
21. Rxd2 O-O 22. Bc4+ Kh8 23. Rh2 h6 24. Nd2 g5 25. Rxh6+ Kg7 26. Rh1 Rh8 27.
Rg1 a5 28. b5 Kg6 29. Nb1 a4 30. a3 c6 31. b6 d5 32. exd5 cxd5 33. Ba2 Rh2 34.
Bxd5 Nxd5 35. c4 Nxb6 36. Rf1 Nxc4 37. f4 g4 38. Rg1 Rah8 39. Nc3 Nxa3 40. Rf1
Rc2+ 41. Kd1 Rxc3 42. Kd2 Rf3 43. Rg1 Rxf4 44. Kc3 Nb5+ 45. Kb2 a3+ 46. Ka2 Re8
47. Rg2 Kh5 48. Rg1 Rf2+ 49. Kb3 Kh4 50. Rh1+ Kg3 51. Rg1+ Rg2 52. Rxg2+ Kxg2
53. Ka2 Kf3 54. Ka1 Re2 55. Kb1 a2+ 56. Ka1 Re3 57. Kxa2 g3 58. Kb2 g2 59. Kc2
g1=Q 60. Kd2 Qf2+ 61. Kd1 Re1# 0-1

[Event "PPH XVIII"]
[Site "http://www.queenalice.com/game.php?id=1228060"]
[Date "2013.10.28"]
[Round "-"]
[White "rogeriooliveira"]
[Black "timoteo"]
[Result "0-1"]
[WhiteElo "1369"]
[BlackElo "1548"]

1. e4 e5 2. d4 exd4 3. Qxd4 Nc6 4. Qd5 Nf6 5. Qd2 Nxe4 6. Qe2 f5 7. Nc3 Nd4 8.
Qd1 Bc5 9. Nxe4 fxe4 10. c3 Nf5 11. Be3 Bxe3 12. fxe3 Nxe3 13. Qe2 Qg5 14. Nh3
Qf6 15. Qxe3 Qh4+ 16. Ke2 Rf8 17. Rd1 d6 18. Kd2 Bg4 19. Be2 Bxe2 20. Qxe2 Qh6+
21. Kc2 Rd8 22. Rde1 d5 23. Qb5+ c6 24. Qxb7 a5 25. Qa7 Qg6 26. g3 Rf3 27. Qxa5
Qg4 28. Ng1 Rf2+ 29. Kb3 Rb8+ 30. Ka3 Rbxb2 31. Ra1 e3 32. Qa4 Qf5 33. Qd1 Qe4
34. Nh3 Rf3 35. Re1 e2 36. Qc1 Rc2 37. Qd1 Rfxc3# 0-1

[Event "Challenge"]
[Site "http://www.queenalice.com/game.php?id=1229452"]
[Date "2013.11.2"]
[Round "-"]
[White "oldfool"]
[Black "timoteo"]
[Result "0-1"]
[WhiteElo "1515"]
[BlackElo "1409"]

1. d4 e6 2. e4 Nf6 3. Bd3 Nc6 4. c3 d5 5. e5 Ne4 6. Bc2 f6 7. Nf3 fxe5 8. dxe5
g5 9. Nxg5 Nxg5 10. Qh5+ Nf7 11. Bxh7 Nxe5 12. Rf1 Nd3+ 13. Bxd3 Rxh5 0-1

[Event "Challenge"]
[Site "http://www.queenalice.com/game.php?id=1243006"]
[Date "2013.12.26"]
[Round "-"]
[White "Camy"]
[Black "timoteo"]
[Result "0-1"]
[WhiteElo "1479"]
[BlackElo "1584"]

1. d4 e6 2. Nf3 Nf6 3. Nc3 Bb4 4. Bd2 Bxc3 5. Bxc3 d6 6. e3 Nc6 7. Bd3 e5 8. d5
Nxd5 9. e4 Nxc3 10. bxc3 Bg4 11. h3 Bxf3 12. Qxf3 g6 13. O-O h5 14. Bc4 Qe7 15.
Bxf7+ Qxf7 16. Qxf7+ Kxf7 17. a4 Na5 18. Rab1 b6 19. f3 Nc4 20. Rfd1 Na3 21.
Rbc1 Nc4 22. Re1 c5 23. g3 h4 24. g4 Nb2 25. Rf1 Nc4 26. f4 Rhe8 27. fxe5+ Ke6
28. Rf6+ Kxe5 29. Rxg6 Kxe4 30. Re1+ Kd5 31. Rd1+ Kc6 32. g5 Ne3 33. Rf1 Nxf1
34. Kxf1 Re3 35. Kf2 Rxc3 36. Re6 Rxc2+ 37. Kf3 Ra2 38. g6 Rxa4 39. g7 Rg8 40.
Re7 c4 41. Kg4 c3+ 42. Kg5 c2 43. Kf6 Rf4+ 44. Kg6 c1=Q 45. Kh7 Qc4 46. Kh6 a5
47. Kg6 a4 48. Kg5 a3 49. Kh5 a2 50. Kh6 a1=Q 51. Kh7 b5 52. Kg6 b4 53. Kg5 Qg1+
54. Kh6 Rf3 55. Kh5 b3 56. Kh6 Qf4+ 57. Kh7 Qgg5 58. Kxg8 Qxe7 59. Kh7 Rg3 60.
Kh8 Qff8+ 61. Kh7 Qexg7# 0-1

[Event "Challenge"]
[Site "http://www.queenalice.com/game.php?id=1243532"]
[Date "2013.12.28"]
[Round "-"]
[White "cass"]
[Black "timoteo"]
[Result "1-0"]
[WhiteElo "1435"]
[BlackElo "1584"]

1. e4 e5 2. Nf3 f6 3. Bc4 Nc6 4. d4 d6 5. Nc3 exd4 6. Nxd4 Nxd4 7. Qxd4 Ne7 8.
O-O c5 9. Bb5+ Bd7 10. Bxd7+ Qxd7 11. Qc4 d5 12. exd5 Nf5 13. Re1+ Be7 14. Qxc5
Nh4 15. d6 Qc6 16. Qxc6+ bxc6 17. Rxe7+ Kd8 18. Rxg7 Re8 19. Bf4 Rb8 20. d7 Rxb2
21. dxe8=Q+ Kxe8 22. Re1+ Kf8 23. Rxh7 Ng6 24. Bh6+ Kg8 25. Rg7+ Kh8 26. Re8+
Nf8 27. Rxf8# 1-0

[Event "Challenge"]
[Site "http://www.queenalice.com/game.php?id=1243533"]
[Date "2013.12.28"]
[Round "-"]
[White "timoteo"]
[Black "cass"]
[Result "0-1"]
[WhiteElo "1514"]
[BlackElo "1457"]

1. e4 e5 2. Bc4 Nf6 3. Nf3 Nxe4 4. Nxe5 d5 5. Bd3 Qg5 6. Qf3 f6 7. Ng4 Bxg4 8.
Qe3 Qxe3+ 9. dxe3 Nc6 10. f3 Bf5 11. fxe4 dxe4 12. Bb5 Bb4+ 13. c3 Bc5 14. Bxc6+
bxc6 15. Rf1 g6 16. b4 Bd6 17. Ba3 Bxh2 18. Rh1 Bg3+ 19. Kf1 O-O 20. b5 Rfd8 21.
Bd6 Rxd6 22. Na3 Rd3 23. Nc2 Be5 24. bxc6 Bxc3 25. Rb1 Be6 26. a4 Bc4 27. Kf2
Rd2+ 28. Kg3 Be5+ 29. Kh3 Be6+ 30. g4 Rxc2 31. Rbg1 Rc3 32. Re1 h5 33. Kh4 Bxg4
34. a5 Rxc6 35. Ref1 f5 36. Rhg1 Kg7 37. Kg5 Rc3 38. Re1 Rd8 39. Rh1 Rc5 40.
Rhg1 Rxa5 41. Rh1 f4 42. exf4 Bf6# 0-1

[Event "Challenge"]
[Site "http://www.queenalice.com/game.php?id=1244471"]
[Date "2014.1.1"]
[Round "-"]
[White "timoteo"]
[Black "Camy"]
[Result "0-1"]
[WhiteElo "1609"]
[BlackElo "1479"]

1. e3 f6 2. Bc4 e6 3. Nf3 Qe7 4. Nc3 Nc6 5. Bb5 a6 6. Bxc6 dxc6 7. b3 Nh6 8. Nd4
e5 9. Nf3 Be6 10. Ne4 Bd5 11. Ng3 e4 12. Nh4 b5 13. a4 b4 14. d3 exd3 15. cxd3
Qd7 16. f3 Bd6 17. e4 Bxg3+ 18. hxg3 Be6 19. Bxh6 gxh6 20. a5 O-O 21. g4 Qf7 22.
Ra4 Bxb3 23. Rxb4 Bxd1 24. Kxd1 Qa2 25. Rh3 Rfd8 26. d4 Rxd4+ 27. Rxd4 Qa1+ 28.
Ke2 Qxd4 29. Nf5 Qc4+ 30. Kf2 Rd8 31. Nxh6+ Kh8 32. Rh5 Rd2+ 33. Ke3 Qd3+ 34.
Kf4 Rxg2 35. Nf7+ Kg7 36. Nh6 Rf2 37. Kg3 Qxf3+ 38. Kh4 Rh2# 0-1

[Event "Challenge"]
[Site "http://www.queenalice.com/game.php?id=1245439"]
[Date "2014.1.4"]
[Round "-"]
[White "timoteo"]
[Black "Camy"]
[Result "0-1"]
[WhiteElo "1561"]
[BlackElo "1516"]

1. e4 e5 2. Bc4 Qe7 3. Nf3 h6 4. Nc3 d6 5. d3 Be6 6. Bxe6 fxe6 7. b3 Nc6 8. g4
Nf6 9. g5 hxg5 10. Bxg5 O-O-O 11. Bxf6 gxf6 12. Nh4 Qh7 13. Qg4 Rg8 14. Qxe6+
Kb8 15. Qxf6 Bg7 16. Qg5 Nd4 17. Qg2 Nxc2+ 18. Kd2 Nxa1 19. Rxa1 Bf6 20. Qh3
Bxh4 21. Nd5 Rgf8 22. f3 c6 23. Nb4 Qh5 24. Rf1 c5 25. Nd5 Bg5+ 26. Kc3 Qxh3 27.
Rg1 Bf4 28. Ne7 Qxf3 29. Ng6 Rg8 30. Ne7 Rxg1 31. h4 Rc1+ 32. Kb2 Qd1 33. Ka3
Rb1 34. Ka4 Ra1 35. Kb5 a6+ 36. Kc4 Qc2+ 37. Kd5 Qxd3+ 38. Ke6 Qxe4 39. h5 Qh7
40. a4 Qxh5 41. a5 Rf8 42. Kd5 Be3 43. Ke6 Bd4 44. Kd5 Rxa5 45. Ke6 Ra3 46. Kd5
b5 47. Ke6 b4 48. Kd5 Rf2 49. Ke6 Kc7 50. Kd5 Rxb3 51. Ke6 Kd8 52. Kd5 Qf3+ 53.
Ke6 Bb2 54. Kxd6 Qd3+ 55. Ke6 e4 56. Nd5 e3 57. Kd6 Qg6+ 58. Nf6 Qxf6+ 59. Kd5
Rd3+ 60. Kxc5 Qd6+ 61. Kc4 Qd5+ 62. Kxb4 Rc2 63. Ka4 Qb5# 0-1

[Event "Challenge"]
[Site "http://www.queenalice.com/game.php?id=1246897"]
[Date "2014.1.10"]
[Round "-"]
[White "timoteo"]
[Black "Camy"]
[Result "0-1"]
[WhiteElo "1535"]
[BlackElo "1557"]

1. e4 e5 2. Nf3 Nf6 3. Nc3 Nc6 4. Bb5 a6 5. Bxc6 dxc6 6. d3 Bc5 7. Bg5 O-O 8.
Bxf6 Qxf6 9. g3 Be6 10. h4 h6 11. b3 Bd4 12. Kd2 Bxc3+ 13. Kxc3 Bg4 14. a4 Bxf3
15. Qf1 Bxh1 16. Qxh1 Qxf2 17. Rf1 Qxg3 18. Rg1 Qe3 19. Qg2 Qc5+ 20. Kd2 g6 21.
h5 g5 22. c4 Rad8 23. Kc2 Qa3 24. Qg3 Qa2+ 25. Kc3 b5 26. axb5 cxb5 27. cxb5
axb5 28. Qxe5 Qe2 29. Qxb5 Qe3 30. Rg4 f5 31. exf5 Rfe8 32. Kb2 Qd2+ 33. Ka3
Ra8+ 34. Qa4 Rxa4+ 35. Kxa4 Rb8 36. Re4 c6 37. Ka3 Qc1+ 38. Ka4 c5 39. f6 Kf7
40. Re5 Kxf6 41. Rd5 g4 42. Rd6+ Ke5 43. Rxh6 g3 44. Rg6 g2 45. Rxg2 Kd4 46. Rg3
Kc3 47. Rg5 Kxd3 48. Rd5+ Ke4 49. Rd6 Ke5 50. Rd3 Ke4 51. Rh3 Qa1# 0-1

[Event "Challenge"]
[Site "http://www.queenalice.com/game.php?id=1247787"]
[Date "2014.1.14"]
[Round "-"]
[White "timoteo"]
[Black "Kingkila"]
[Result "1/2-1/2"]
[WhiteElo "1550"]
[BlackElo "1963"]

1. e4 e5 2. Nf3 d6 3. Nc3 Bg4 4. h3 Bh5 5. g4 Bg6 6. Bb5+ c6 7. Ba4 Nf6 8. d3 b5
9. Bb3 h6 10. g5 Ng8 11. gxh6 gxh6 12. h4 Bh5 13. Rh3 Bg4 14. Rg3 h5 15. Bg5 f6
16. Be3 Nd7 17. Bxg8 Rxg8 18. a4 b4 19. Na2 Qa5 20. c3 c5 21. Qb3 Rh8 22. cxb4
cxb4 23. Qxb4 Qxb4+ 24. Nxb4 Rb8 25. Na6 Rxb2 26. Bxa7 Bh6 27. Be3 Bf4 28. Bxf4
exf4 29. Rc1 Ke7 30. Rxg4 hxg4 31. Nd4 Nc5 32. Nxc5 dxc5 33. Nf5+ Kf7 34. Rxc5
Ra2 35. a5 Rb8 36. Rc1 Rbb2 37. h5 Re2+ 38. Kf1 Rxf2+ 39. Kg1 Rg2+ 40. Kf1 Rh2
41. Kg1 Rxh5 42. Rc7+ Kf8 43. Rc8+ Kf7 44. Rc7+ Kf8 45. Rc8+ Kf7 46. Rc7+ Kg8
47. Rc8+ Kf7 1/2-1/2

[Event "Challenge"]
[Site "http://www.queenalice.com/game.php?id=1248938"]
[Date "2014.1.17"]
[Round "-"]
[White "timoteo"]
[Black "Camy"]
[Result "0-1"]
[WhiteElo "1490"]
[BlackElo "1572"]

1. e4 e5 2. Nf3 Nf6 3. d3 Nc6 4. Bg5 Be7 5. Bxf6 Bxf6 6. c3 d6 7. d4 Be6 8. dxe5
dxe5 9. Qxd8+ Rxd8 10. Bb5 Bd7 11. Bxc6 Bxc6 12. O-O O-O 13. Na3 Bxe4 14. Nc4
Bd3 15. Rfe1 Bxc4 16. b3 Bd3 17. g3 e4 18. Nd2 Bg5 19. Nxe4 h6 20. f4 Bf6 21.
Nc5 Bxc3 22. Rac1 Bxe1 23. Rxe1 Ba6 24. b4 Rfe8 25. Rc1 Re2 26. a4 b6 27. Nb3
Bd3 28. Rd1 h5 29. Kf1 Rb2+ 30. Ke1 Rxb3 31. b5 c5 32. h3 c4 33. g4 Re8+ 34. Kf2
Rb2+ 35. Kf3 Be2+ 36. Kg3 Bxd1 37. Kh4 g6 38. g5 Re3 39. f5 Rbb3 40. f6 a5 0-1

[Event "Challenge"]
[Site "http://www.queenalice.com/game.php?id=1250032"]
[Date "2014.1.21"]
[Round "-"]
[White "timoteo"]
[Black "Camy"]
[Result "1-0"]
[WhiteElo "1483"]
[BlackElo "1575"]

1. e3 e5 2. Nf3 Nc6 3. Bb5 d6 4. Bxc6+ bxc6 5. e4 Bb7 6. d3 Nf6 7. Bg5 h6 8.
Bxf6 Qxf6 9. d4 Be7 10. Nc3 O-O 11. dxe5 dxe5 12. O-O Ba6 13. Re1 Rab8 14. b3 c5
15. Nd5 Qg6 16. g3 Qg4 17. Nxe7+ Kh8 18. Nc6 Rbe8 19. Nxa7 Qh3 20. Qd5 Rd8 21.
Qxc5 Rfe8 22. Qxc7 g5 23. Qb6 g4 24. Qxa6 gxf3 25. Re3 f6 26. Rxf3 Rg8 27. Qxf6+
Kh7 28. Qxe5 Rdf8 29. Rxf8 Rxf8 30. Qe7+ Kg8 31. Rd1 Qg4 32. Rd8 Qg7 33. Rxf8+
Qxf8 34. Qxf8+ Kxf8 35. c4 Ke7 36. a4 Ke6 37. a5 Ke5 38. a6 Kxe4 39. Nc6 Kd3 40.
a7 Kc3 41. a8=Q Kxb3 42. c5 Kc4 43. Qa7 Kd5 44. Ne7+ Ke6 45. Ng8 h5 46. f4 Kd5
47. Nf6+ Ke6 48. c6 Kxf6 49. c7 Kf5 50. c8=Q+ Kg6 51. Qcc5 Kh6 52. Qa6+ Kh7 53.
Qc7+ Kh8 54. Qa8# 1-0

[Event "Challenge"]
[Site "http://www.queenalice.com/game.php?id=1250279"]
[Date "2014.1.22"]
[Round "-"]
[White "cass"]
[Black "timoteo"]
[Result "1-0"]
[WhiteElo "1580"]
[BlackElo "1564"]

1. e4 e5 2. Nf3 d6 3. d4 Nf6 4. Bg5 h6 5. Bxf6 gxf6 6. Nc3 Bg4 7. d5 Bxf3 8.
Qxf3 c6 9. O-O-O cxd5 10. Nxd5 Bg7 11. Bb5+ Nc6 12. Qg3 Bf8 13. f4 a6 14. Be2
Qa5 15. Kb1 Nd4 16. Nxf6+ Ke7 17. Nd5+ Kd7 18. Bg4+ Kc6 19. b4 Qa4 20. Qc3+ Kb5
21. Rxd4 exd4 22. Bd7# 1-0

[Event "Challenge"]
[Site "http://www.queenalice.com/game.php?id=1250280"]
[Date "2014.1.22"]
[Round "-"]
[White "timoteo"]
[Black "cass"]
[Result "0-1"]
[WhiteElo "1552"]
[BlackElo "1718"]

1. e4 e5 2. d3 d5 3. Nf3 Nc6 4. Bg5 f6 5. Bh4 Bg4 6. h3 Bxf3 7. gxf3 g5 8. Bg3
Nd4 9. c3 Nc6 10. d4 Qd7 11. dxe5 Nxe5 12. Be2 O-O-O 13. f4 gxf4 14. Bh4 f3 15.
Bxf3 dxe4 16. Qxd7+ Rxd7 17. Bxe4 Re7 18. Bf5+ Kb8 19. O-O Nf3+ 20. Kg2 Nxh4+
21. Kh2 Nxf5 22. Nd2 Bh6 23. Nf3 Bf4+ 24. Kg2 Rg7+ 25. Kh1 Nge7 26. Rad1 h5 27.
b4 b6 28. a3 h4 29. c4 Bg3 30. Kg2 Rhg8 31. fxg3 Ne3+ 32. Kf2 Nxd1+ 33. Rxd1
Rxg3 34. Nxh4 Rxh3 35. Rd4 Rh2+ 36. Kf3 Nc6 37. Rf4 Ne5+ 38. Ke4 Nxc4 39. Nf3
Nd6+ 40. Kd3 Ra2 41. Rxf6 Rxa3+ 42. Ke2 Re8+ 43. Kf2 Ne4+ 44. Kg2 Nxf6 45. Nd4
Rg8+ 46. Kf2 Ra4 47. Nc6+ Kb7 48. Ne7 Re8 49. Ng6 Rxb4 50. Kf3 a5 51. Nh4 Rxh4
52. Kg3 Ree4 53. Kf3 a4 54. Kg3 a3 55. Kf3 a2 56. Kg3 a1=Q 0-1

[Event "Challenge"]
[Site "http://www.queenalice.com/game.php?id=1251471"]
[Date "2014.1.26"]
[Round "-"]
[White "timoteo"]
[Black "Camy"]
[Result "1-0"]
[WhiteElo "1531"]
[BlackElo "1575"]

1. e3 e5 2. d3 Nf6 3. e4 Bc5 4. Bg5 h6 5. Bxf6 Qxf6 6. Qf3 d6 7. Qxf6 gxf6 8.
Nc3 Nd7 9. Nb5 O-O 10. Nxc7 Rb8 11. c3 Bb6 12. Nd5 Nc5 13. d4 Na4 14. Nxf6+ Kh8
15. Bb5 Nxb2 16. Rb1 Nd3+ 17. Ke2 Nf4+ 18. Kf3 Kg7 19. Nd5 Nxd5 20. exd5 Bf5 21.
Re1 Kg6 22. g4 Bc2 23. Rc1 f5 24. Rxc2 fxg4+ 25. Kg3 h5 26. Bd3+ Kg5 27. Ne2 h4+
28. Kg2 Rf3 29. Be4 h3+ 30. Kf1 Rf6 31. Ng3 Kh4 32. Nf5+ Kg5 33. Ne7 Bd8 34. Ng8
Rf8 35. Bh7 Be7 36. Nxe7 b5 37. Nc6 Rbe8 38. Nxa7 Rf7 39. Nxb5 Rxh7 40. Nxd6 Rf8
41. Ne4+ Kh5 42. Ng3+ Kg5 43. Ne4+ Kg6 44. dxe5 Rf4 45. Ng3 Re7 46. e6 Rb7 47.
d6 Kf6 48. Re2 Rc4 49. e7 Kf7 50. Rd2 Rxc3 51. a4 Rb1+ 52. Ke2 Rb6 53. d7 Rb7
54. d8=Q Rxe7+ 55. Kd1 Rcc7 56. Qd5+ Ke8 57. Qa8+ Kf7 58. Nf5 Re6 59. Nd4 Re8
60. Qd5+ Kf8 61. Rg1 Rce7 62. Rxg4 Re1+ 63. Kc2 Rc8+ 64. Kd3 Rb8 65. f4 Rb4 66.
Qc5+ Ke8 67. Qxb4 Kd8 68. Rg7 Re8 69. Qd6+ Kc8 70. Qc7# 1-0

[Event "Challenge"]
[Site "http://www.queenalice.com/game.php?id=1253027"]
[Date "2014.2.1"]
[Round "-"]
[White "timoteo"]
[Black "Camy"]
[Result "1-0"]
[WhiteElo "1549"]
[BlackElo "1589"]

1. e4 e5 2. Bc4 Qe7 3. d3 d6 4. Nf3 Be6 5. Bg5 Nf6 6. Bxf6 Qxf6 7. Bxe6 Qxe6 8.
Nc3 Nc6 9. Nb5 Qd7 10. O-O Nd4 11. Nbxd4 exd4 12. Nxd4 Be7 13. f4 Bf6 14. Nf5 g6
15. Nh6 Bxb2 16. Rb1 Bc3 17. Rxb7 a5 18. Qb1 Qc8 19. Rb3 Bd4+ 20. Kh1 Be3 21.
Re1 Bd4 22. c3 Bf2 23. Rf1 Be3 24. h3 a4 25. Rb4 a3 26. Ng4 Bc5 27. Rb3 h5 28.
Nf6+ Kd8 29. d4 Bb6 30. Nd5 c6 31. Nxb6 Qb8 32. Nxa8 Qxa8 33. Rb8+ Qxb8 34.
Qxb8+ Kd7 35. Qxh8 Ke6 36. e5 Kd5 37. Rb1 dxe5 38. fxe5 Kc4 39. Rb6 Kxc3 40.
Rxc6+ Kxd4 41. Ra6 Ke4 42. Rxa3 f5 43. Qh6 f4 44. Qxg6+ Kxe5 45. Qxh5+ Ke4 46.
Qh4 Kd4 47. Qxf4+ Kc5 48. h4 Kc6 49. Qf5 Kb6 50. Ra5 Kc7 51. Qf6 Kc8 52. Ra7 Kb8
53. Qg7 Kc8 54. Qg8# 1-0

[Event "Challenge"]
[Site "http://www.queenalice.com/game.php?id=1254198"]
[Date "2014.2.6"]
[Round "-"]
[White "timoteo"]
[Black "Camy"]
[Result "0-1"]
[WhiteElo "1567"]
[BlackElo "1552"]

1. e4 e5 2. Bc4 Qe7 3. Qf3 Nf6 4. d3 Nc6 5. Bg5 h6 6. Bxf6 gxf6 7. Nh3 d6 8. Bb5
Bd7 9. Bxc6 Bxc6 10. Nc3 O-O-O 11. O-O Kb8 12. a4 Bg7 13. g4 d5 14. exd5 Bd7 15.
b3 Qd6 16. Rfe1 h5 17. gxh5 Qb4 18. Na2 Qa3 19. Qg2 Rxh5 20. Nc3 Qc5 21. Ne4 Qd4
22. Ng3 Rxh3 23. Nf5 Bxf5 24. Qxg7 Rc8 25. Qxf7 Qg4+ 26. Kf1 Rxh2 27. Qh7 Bxh7
28. f3 Qxf3+ 29. Kg1 Qg2# 0-1

[Event "Challenge"]
[Site "http://www.queenalice.com/game.php?id=1255702"]
[Date "2014.2.12"]
[Round "-"]
[White "timoteo"]
[Black "Camy"]
[Result "1/2-1/2"]
[WhiteElo "1549"]
[BlackElo "1591"]

1. e4 e5 2. Bc4 Qe7 3. d3 Nf6 4. Bg5 h6 5. Bxf6 Qxf6 6. Nc3 Nc6 7. Nf3 Nd4 8.
Nxd4 exd4 9. Nb5 Bd6 10. Nxd6+ cxd6 11. O-O b6 12. Re1 O-O 13. g3 Bb7 14. Bb5 a6
15. Bxd7 Rad8 16. Ba4 d5 17. e5 Qg6 18. b3 b5 19. Bxb5 axb5 20. a4 b4 21. a5 Ba6
22. Ra4 Rfe8 23. Rxb4 Rc8 24. Rxd4 Red8 25. c4 dxc4 26. Rxd8+ Rxd8 27. bxc4 Qc6
28. Qa1 Re8 29. Re2 h5 30. h4 g6 31. Qd4 Qf3 32. Re3 Qd1+ 33. Kh2 Qf1 34. Qe4
Qxf2+ 35. Kh3 f5 36. Qd5+ Kf8 37. Qd6+ Re7 38. Qd8+ Re8 39. Qd6+ Re7 40. Qd4 Bb7
41. Qd8+ Re8 42. Qd6+ Kf7 43. Qd7+ Re7 44. e6+ Kf8 45. Qd8+ Re8 46. Qd6+ Re7 47.
Qd8+ Re8 48. Qd6+ Re7 49. Qd8+ Re8 1/2-1/2

[Event "Challenge"]
[Site "http://www.queenalice.com/game.php?id=1256862"]
[Date "2014.2.15"]
[Round "-"]
[White "timoteo"]
[Black "Camy"]
[Result "0-1"]
[WhiteElo "1551"]
[BlackElo "1559"]

1. e4 e5 2. Nf3 Nf6 3. Nc3 Nc6 4. Bb5 d6 5. Bxc6+ bxc6 6. d3 Be7 7. Bg5 h6 8.
Bxf6 Bxf6 9. b3 Be6 10. Na4 O-O 11. O-O Bg5 12. Nxg5 Qxg5 13. g3 Bg4 14. f3 Bh3
15. Re1 a6 16. c4 c5 17. Rc1 c6 18. Nb6 Rad8 19. a4 d5 20. Nxd5 cxd5 21. exd5
Rfe8 22. Rc3 f5 23. a5 f4 24. g4 h5 25. Kf2 hxg4 26. fxg4 Bxg4 27. Qa1 Qh4+ 28.
Kg1 Rf8 29. Rf1 f3 30. Rc2 Bh3 31. Re1 f2+ 32. Kh1 fxe1=Q+ 33. Qxe1 Qxe1# 0-1

[Event "Challenge"]
[Site "http://www.queenalice.com/game.php?id=1257743"]
[Date "2014.2.18"]
[Round "-"]
[White "timoteo"]
[Black "Camy"]
[Result "1-0"]
[WhiteElo "1535"]
[BlackElo "1552"]

1. e4 e5 2. Nf3 Nf6 3. d3 Nc6 4. Bg5 Be7 5. Bxf6 Bxf6 6. c3 d6 7. d4 exd4 8.
cxd4 Bg4 9. Be2 O-O 10. h3 Bxf3 11. Bxf3 Nxd4 12. Bg4 Qe7 13. f3 Bh4+ 14. Kf1 c5
15. Nc3 Bg3 16. a4 a6 17. Nd5 Qe5 18. Nb6 Rad8 19. Nd7 Qf4 20. Nxf8 Kxf8 21. a5
b5 22. h4 g6 23. h5 g5 24. b3 b4 25. h6 d5 26. exd5 Rxd5 27. Qd3 Kg8 28. Qxa6 f6
29. Qa8+ Kf7 30. Qxd5+ Kg6 31. Qxc5 Qd2 32. Bh5+ Kxh6 33. Be8+ Kg7 34. Qe7+ Kh8
35. Qxf6+ Kg8 36. Qf7+ Kh8 37. Qf8# 1-0